00709cam a22002173a 450000100060000000300060000600500170001200800410002904000150007004200070008505000070009210000430009924501620014226000290030450600300033351600200036365300090038365300280039283000290042085600420044926893PGUSA20140828083559.0081012s2008||||xxu|||||s|||||000 | eng d aPGUSAbeng adc 4aBF1 aBuck, J. D.q(Jirah Dewey),d1838-191614aThe New Avatar and The Destiny of the Soul :bThe Findings of Natural Science Reduced to Practical Studies in Psychologyh[electronic resource] /cJ. D. Buck bProject Gutenberg,c2008 aPublic domain in the USA. aElectronic text aSoul aPsychology and religion 0aProject Gutenbergv2689340uhttp://www.gutenberg.org/ebooks/26893